| 000 | 00355cam a22001097a 4500 | ||
|---|---|---|---|
| 008 | 180718b1976 xxu||||| |||| 00| 0 eng d | ||
| 082 | _aXA94x54 R311a/1971-72 | ||
| 245 |
_aAssets of rural households _cby Reserve Bank of India, Maharashtra |
||
| 260 |
_aBombay _bReserve Bank of India _c1976 |
||
| 300 | _a209+p. | ||
| 700 | _aMaharashtra. Reserve Bank of India | ||
| 999 |
_c498925 _d498925 |
||